00755 2200289 4500001002100000005001500021035002000036007000300056008004100059100001900100245004400119250001100163300002900174020002200203082001000225084001600235090001400251260003000265850001000295650001000305990002500315990002500340990002500365990002500390990002500415990002500440INLIS00000000000248720260602075946 a0010-0220000338ta260602 0 0 aYeyen Subiakto1 aPiano Kids Soundtrack /cYeyen Subiakto aCet. 1 a76 hlm :bilus. ;c29 cm a979-0-801869-26-5 a786.2 a786.2 YEY p a620 IND m aSemarang :bYanita,c2014 aPUPAD 4aMusik a33.264/APBD/DPK/2019 a32.263/APBD/DPK/2019 a32.264/APBD/DPK/2019 a32.265/APBD/DPK/2019 a32.263/APBD/DPK/2019 a32.266/APBD/DPK/2019